| 000 | 01120cad a22001935a 4500 | ||
|---|---|---|---|
| 001 | E150247 | ||
| 008 | 100616e20100422xxk v 000 0 eng d | ||
| 035 | _a(Sirsi) u150247 | ||
| 041 | 0 | _aeng | |
| 245 | 0 | 0 |
_aWilliam Welsh v The Keeper of the Registers of Scotland and William Young _bopinion _h[electronic resource] |
| 260 | _c2010 | ||
| 520 | _aLTS/LR/2008/08 22 April 2010. The appellant sought rectification of a claimed inaccuracy in the registered title of his property, which the Keeper had previously refused to rectify. The innaccuracy was said to lie in the delineation of the boundary between the appellant's land and that of the interested party, who opposed rectification of the appellant's registered title "Held: appeals dismissed. | ||
| 650 | 2 | 4 | _aWELSH V KEEPER OF THE REGISTERS OF SCOTLAND AND ANOR |
| 650 | 2 | 4 | _aLAND REGISTRATION (SCOTLAND) ACT 1979 |
| 651 | 4 |
_aScotland _y1999- |
|
| 690 |
_aPlanning and development _96259 |
||
| 856 | 4 | 0 |
_uhttps://www.lands-tribunal-scotland.org.uk/decisions/LTS.LR.2008.08.html _zView the decision free of charge at www.lands-tribunal-scotland.org.uk |
| 942 | _n0 | ||
| 999 |
_c82431 _d82431 |
||